Statistiken für Größte Städte Ostdeutschlands mit Karte

Klicken Sie hier um das Quiz zu spielen!

Allgemein

  • Dieses Quiz wurde 563 mal gespielt
    (475 seit der letzten Aktualisierung)
  • Das Durchschnittsergebnis liegt bei 17 aus 20

Antworten auf der Karte

Die Antworten werden auf der Karte rot bzw. grün angezeigt, abhängig davon wie oft sie richtig erraten wurden.
 

Antwortstatistiken

EinwohnerStadt% Korrekt
556.780Dresden
98%
593.145Leipzig
98%
213.981Erfurt
97%
180.334Potsdam
96%
237.565Magdeburg
95%
111.343Jena
94%
209,191Rostock
94%
246.334Chemnitz
92%
95.653Schwerin
92%
238.762Halle (Saale)
90%
99.678Cottbus
85%
93.125Gera
82%
72.184Brandenburg an der Havel
80%
88.690Zwickau
78%
65.228Weimar
71%
59,418Stralsund
69%
80.103Dessau-Roßlau
68%
59.232Greifswald
68%
63.761Neubrandenburg
67%
64.597Plauen
52%

Verteilung der Resultate

Perzentil nach korrekt beantworteten Fragen

Anzahl Personen mit jedem Resultat

Ihre Resultats-Entwicklung

Sie haben dieses Quiz seit der letzten Aktualisierung nicht gespielt